000 01164nam a2200241Ia 4500
003 Ost
005 20260507075517.0
008 260507s9999||||xx |||||||||||||| ||und||
040 _cfsecg
041 _aara
082 _a658
100 _aبخيت، حسين علي
_eمؤلف
245 0 _aأساليب وتقنيات التحليل الكمي للأعمال بإستخدام الحاسوب /
_c حسين علي بخيت
260 _aعمان:
_bالأهلية للنشر والتوزيع,
_c2007
300 _a557 صفحة؛
_bإيضاحات ؛
_c25 سم
504 _aببليوغرافيا:ص ص.555-557
520 _aمدخل الأسلوب الكمي في إدارة الأعمال،تحليل التعادل،تحليل القرار،نماذج الإنحدار،التنبؤ،نماذج رقابة المخزون،البرمجة الخطية،نموذج النقل،مشكلة التخصيص،إدارة المشروع
653 _aإدارة الأعمال
653 _aالادارة-تحليل
653 _aالحسابات الالكترونية
700 _a الرفاعي، غالب عوض
_eمؤلف ثانوي
942 _cكتاب
999 _c44759
_d44759